000 00497cam a22002051 4500
001 sa 66006700
003 DLC
005 20260227112258.0
008 881102s1966 xx 000 0 hino
010 _asa 66006700
035 _a(OCoLC)23560316
040 _aDLC
_cMiU
_dDLC
042 _apremarc
050 0 0 _aPK2098.P32
_bM8
100 1 _aPanta, Sumitrānandana,
_d1900-1977.
245 1 0 _aMukti yajña.
260 _c[1966?]
300 _a86 p.
_c19 cm.
700 1 _aSinha, Savitri,
_eed.
999 _c70664
_d70664